La Divina Commedia Paradiso

Shranjeno v:
Bibliografske podrobnosti
Format: Knjiga
Jezik:neznan ali neveljaven jezik
Izdano: Alpha Test
Oznake: Označite
Brez oznak, prvi označite!

MARC

LEADER 00000nam a2200000Ia 4500
001 R-1462
003 CODICE-MESSINA
005 20260212102507.0
008 260211s9999 xx 000 0 und d
040 |c importazione_messina 
245 0 |a La Divina Commedia  
245 0 |b Paradiso 
260 |b Alpha Test 
942 |2 ddc  |c BK 
952 |0 0  |1 0  |2 ddc  |4 0  |6 SCAFFALE_14_000000000000000__LETTERATURA  |7 0  |9 32299  |a ME  |b ME  |d 2026-02-11  |l 0  |o SCAFFALE 14 - LETTERATURA  |p R-1462  |r 2026-02-11 23:53:06  |w 2026-02-11  |x [REVISIONARE]  |y BK 
999 |c 27966  |d 27966